Catálogo de la Biblioteca Horacio González - Universidad Nacional de General Sarmiento

Breve historia económica del siglo XX (Registro nro. 16632)

Detalles MARC
000 -CABECERA
campo de control de longitud fija 01126nam a22002650a 4500
001 - NÚMERO DE CONTROL
campo de control PT14668
003 - IDENTIFICADOR DEL NÚMERO DE CONTROL
campo de control AR-LpoUNG
005 - FECHA Y HORA DE LA ÚLTIMA TRANSACCIÓN
campo de control 20210131232627.0
008 - DATOS DE LONGITUD FIJA--INFORMACIÓN GENERAL
campo de control de longitud fija 191001s1999||||ag |||||||||||||||||spa d
020 ## - NÚMERO INTERNACIONAL ESTÁNDAR DEL LIBRO
Número Internacional Estándar del Libro 9505374895
Condiciones de disponibilidad $22
040 ## - FUENTE DE LA CATALOGACIÓN
Centro catalogador/agencia de origen AR-LpoUNG
Lengua de catalogación spa
Centro/agencia transcriptor AR-LpoUNG
Normas de descripción aacr
041 ## - CÓDIGO DE LENGUA
Código de lengua del texto/banda sonora o título independiente spa
044 ## - CÓDIGO DEL PAÍS DE LA ENTIDAD EDITORA/PRODUCTORA
Código MARC del país ag
082 0# - NÚMERO DE LA CLASIFICACIÓN DECIMAL DEWEY
Número de clasificación 909.82 113bre
100 1# - ENTRADA PRINCIPAL--NOMBRE DE PERSONA
Nombre de persona Saborido, Jorge
245 10 - MENCIÓN DE TÍTULO
Título Breve historia económica del siglo XX
260 ## - PUBLICACIÓN, DISTRIBUCIÓN, ETC.
Lugar de publicación, distribución, etc. Buenos Aires :
Nombre del editor, distribuidor, etc. Macchi,
Fecha de publicación, distribución, etc. 1999.
300 ## - DESCRIPCIÓN FÍSICA
Extensión 187 p. :
Otras características físicas gráfs.
520 ## - SUMARIO, ETC.
Sumario, etc. El objetivo de este texto es ofrecer una síntesis de la historia económica mundial durante el período comprendido entre el estallido de la Primera Guerra Mundial y el derrunbamiento de los regímenes de la Europa del este, coincidente este hecho político con lo aspectos más salientes de un proceso de reestructuración económica a nivel mundial que marca una ruptura respecto de los rasgos que caracterizaron a la economía en las décadas precedentes.
650 #4 - PUNTO DE ACCESO ADICIONAL DE MATERIA--TÉRMINO DE MATERIA
Término de materia o nombre geográfico como elemento de entrada 1089
651 #4 - PUNTO DE ACCESO ADICIONAL DE MATERIA--NOMBRE GEOGRÁFICO
Nombre geográfico DOCUMENTOS TEORICOS O METODOLOGICOS
700 1# - PUNTO DE ACCESO ADICIONAL--NOMBRE DE PERSONA
Nombre de persona Berenblum, Ruben L.
905 ## - ELEMENTOS DE DATOS E LOCAL, LDE (RLIN)
a 14668
942 ## - ELEMENTOS DE PUNTO DE ACCESO ADICIONAL (KOHA)
Tipo de ítem Koha Libro
Existencias
Estado de retiro Estado de pérdida Estado dañado No para préstamo Código de colección Localización permanente Ubicación/localización actual Fecha de adquisición Total de préstamos Signatura topográfica completa Código de barras Fecha visto por última vez Precio válido a partir de Tipo de ítem Koha
        Colección General Biblioteca Universidad Nacional de General Sarmiento Biblioteca Universidad Nacional de General Sarmiento 31/01/2021   909.82 113bre 00015512 31/01/2021 31/01/2021 Libro